000 00441nam a22001697a 4500
005 20251108165222.0
008 250721s1985 xx 000 0 ara d
082 1 4 _a922.1/طنط
100 1 _aالطنطاوي، علي
245 1 0 _aذكريات /
264 1 _aجدة :
_bدار المنارة للنشر،
_c1985-1987.
300 _aج6
650 1 7 _aالإسلام
650 1 7 _aالتراجم
942 _2ddc
_cBK
999 _c22417
_d22417